[Event "Tschaturanga Open"]
[Site "Vienna AUT"]
[Date "2012.05.08"]
[Round "2.3"]
[White "Kilgus,G"]
[Black "Sepetavc,W"]
[Result "1-0"]
[WhiteElo "2427"]
[BlackElo "2002"]

1.Nf3 d5 2.c4 e6 3.g3 Nf6 4.Bg2 Be7 5.O-O O-O 6.b3 b6 7.Bb2 Bb7 8.e3 c5 9.Nc3 Nc6
10.cxd5 exd5 11.d4 Qd7 12.Ne5 Qe6 13.Nd3 cxd4 14.Nf4 Qd7 15.Ncxd5 Nxd5 16.Nxd5 Bc5
17.exd4 Bd6 18.Ne3 Rfe8 19.Nc4 Ba6 20.Qh5 Rad8 21.Rfd1 Bf8 22.d5 Ne7 23.Ne5 Qf5
24.Qxf5 Nxf5 25.Nc6 Rd7 26.Bh3 g6 27.Ne5 Rdd8 28.Ng4 Bg7 29.Nf6+ Bxf6 30.Bxf6 Rd6
31.Bb2 Red8 32.Bg2 Bb7 33.Rac1 f6 34.Rc7 Bxd5 35.Rxd5 Rxd5 36.Bxd5+ Rxd5
37.Bxf6 Ra5 38.a4 Ra6 39.Be5 h5 40.f4 Kf8 41.Kf2 Ke8 42.Rc6 Ne7 43.Re6 Kd7
44.Rd6+ Kc8 45.Kf3 Ra5 46.Bf6 Nf5 47.Rd3 Rc5 48.h3 Rc6 49.Be5 a6 50.g4 hxg4+
51.hxg4 Ne7 52.Ke4 b5 53.axb5 axb5 54.f5 gxf5+ 55.gxf5 Rc1 56.Rc3+ Rxc3 57.Bxc3 Kd7
58.f6 Nc8 59.Kd5 Nd6 60.Bb4 Nf7 61.Be7 Ng5 62.Kc5 Ne4+ 63.Kxb5 Ng5 64.Kc5 Nf7
65.Kd5  1-0

[Event "20th Sigeman & Co"]
[Site "Malmo SWE"]
[Date "2012.05.09"]
[Round "1"]
[White "Tikkanen,H"]
[Black "Hector,J"]
[Result "0-1"]
[WhiteElo "2566"]
[BlackElo "2560"]

1.Nf3 d5 2.c4 c6 3.e3 Nf6 4.Nc3 e6 5.b3 Bd6 6.Bb2 O-O 7.Be2 e5 8.cxd5 cxd5
9.Nb5 Nc6 10.Nxd6 Qxd6 11.d4 e4 12.Ne5 Ne7 13.Qc1 Be6 14.Ba3 Qd8 15.Qc5 Re8
16.Qb4 Nc6 17.Nxc6 bxc6 18.h3 a5 19.Qd6 Bd7 20.O-O Re6 21.Qf4 h6 22.Rfb1 Nh7
23.Bc5 Rf6 24.Qe5 Qc8 25.Bf1 Bxh3 26.b4 Ng5 27.bxa5 Rg6 28.Kh2 Qg4 29.Rb8+ Rxb8
30.Qxb8+ Kh7 31.Qg3 Qh5 32.gxh3 Nf3+ 33.Kg2 Rxg3+ 34.fxg3 Ng5 35.Kh2 Qf3
36.Bg2 Qf2 37.Bd6 Nf3+ 38.Kh1 Ne1 39.a6 Qxg2+  0-1

[Event "42nd Bosna Open B"]
[Site "Sarajevo BIH"]
[Date "2012.05.11"]
[Round "9.7"]
[White "Colpa,H"]
[Black "Kacakovski,D"]
[Result "0-1"]
[WhiteElo "1944"]
[BlackElo "2122"]

1.Nf3 d5 2.c4 d4 3.d3 Nc6 4.g3 e5 5.Bg2 Nf6 6.Nbd2 Be7 7.O-O O-O 8.Ng5 Ne8
9.Nh3 Be6 10.Kh1 Qd7 11.Ng1 f5 12.f4 exf4 13.gxf4 Nf6 14.Ndf3 Bf7 15.Bd2 a5
16.a3 Ng4 17.Qe1 Qd6 18.Qg3 Bf6 19.Nh3 Rfe8 20.Rae1 Re7 21.Nfg5 Bh5 22.Bd5+ Kh8
23.Ng1 Rf8 24.Qh3 g6 25.Bxc6 bxc6 26.b4 axb4 27.axb4 h6 28.N5f3 Ne3 29.Ne5 Bxe5
30.Bxe3 dxe3 31.fxe5 Qxe5 32.Nf3 Qg7 33.Qh4 Bg4 34.h3 Bxf3+ 35.Rxf3 g5 36.Qh5 f4
37.Rg1 Kh7 38.h4 Re5 39.Qg4 Ref5 40.h5 Qb2 41.Rh3 Qxb4 42.Qf3 Qd6 43.Rh2 Qf6
44.Rg4 Ra8 45.Qe4 Ra1+ 46.Kg2 Re1 47.Qf3 Kg7 48.Kh3 Qe6 49.Rgg2 Ra5+ 50.Rg4 Rf5
51.Rhg2 Qf7 52.Rh2 Qxh5+ 53.Kg2 Qg6 54.Qh3 Rxe2+ 55.Kf3 Rxh2 56.Qxh2 h5 57.Qb2+ Qf6
58.d4 hxg4+ 59.Kxg4 f3 60.Qh2 Rf4+ 61.Kg3 Qd6 62.c5 Rg4+ 63.Kxf3 Qxh2  0-1

[Event "30th Liechtenstein Open 2012"]
[Site "Triesen LIE"]
[Date "2012.05.11"]
[Round "1.16"]
[White "Rous,D"]
[Black "Vucic,Ml"]
[Result "0-1"]
[WhiteElo "1911"]
[BlackElo "2336"]

1.Nf3 d5 2.c4 c6 3.d4 e6 4.Nc3 dxc4 5.e3 b5 6.a4 Bb4 7.axb5 cxb5 8.Bd2 Qb6
9.Ne5 Nf6 10.b3 O-O 11.bxc4 Bxc3 12.Bxc3 b4 13.Bb2 Bb7 14.Bd3 Nc6 15.Nf3 Ne7
16.O-O a5 17.Qe2 Ng6 18.Nd2 a4 19.Rfb1 Qc6 20.f3 Ba6 21.Ne4 Nd7 22.d5 exd5
23.cxd5 Bxd3 24.Qxd3 Qb6 25.Bd4 Qa5 26.d6 Rfb8 27.Qc4 Nge5 28.Qc7 Qa6 29.Nc5 Nxc5
30.Qxc5 Nd7 31.Qg5 f6 32.Qd5+ Kh8 33.Qe6 Nf8 34.Qe7 Re8 35.Qc7 Rec8 36.Qe7 Re8
37.Qc7 Ne6 38.Qb6 Reb8 39.Qxa6 Rxa6 40.d7 Kg8 41.Bc3 b3 42.Bb2 Kf7 43.Rd1 Ke7
44.Rd5 Rb7 45.Ba3+ Kd8  0-1

[Event "Asian Continental 2012"]
[Site "Ho Chi Minh City VIE"]
[Date "2012.05.12"]
[Round "8.13"]
[White "Venkatesh,M"]
[Black "Tu Hoang Thong"]
[Result "1-0"]
[WhiteElo "2517"]
[BlackElo "2434"]

1.Nf3 d5 2.c4 e6 3.g3 dxc4 4.Bg2 Nd7 5.Qa4 c5 6.Qxc4 b6 7.Nc3 Bb7 8.O-O Ngf6
9.e4 a6 10.a4 Be7 11.e5 Nd5 12.d3 O-O 13.Qg4 Kh8 14.Ne4 f5 15.exf6 N7xf6
16.Nxf6 Bxf6 17.d4 Qd6 18.dxc5 Qxc5 19.Ng5 Bxg5 20.Bxg5 h6 21.Qh3 Rae8 22.Rac1 Qd4
23.Rce1 Kg8 24.Re4 Qxb2 25.Rxe6 hxg5 26.Rxe8 Rxe8 27.Qd7 Nf6 28.Qxb7 a5 29.Bd5+ Kh7
30.Bf7 Re4 31.Qc8 g6 32.Bc4 Qd4 33.Bb5 Re7 34.Qf8 Rc7 35.Re1 Qb4 36.Qxb4 axb4
37.Rb1 Nd5 38.Bf1 Ra7 39.Bg2 Nc3 40.Rxb4 Nxa4 41.Bc6 Nc5 42.Rxb6 Ra6 43.Rxa6 Nxa6
44.Be4 Nc5 45.Bc2 Kg7 46.Kg2 Ne6 47.Bd3 Nd4 48.f3 Kf6 49.Kf2 Nc6 50.Ke3 Ne5
51.Be2 Nc6 52.Ke4 Ne7 53.Bd3 Nc6 54.Kd5 Nb4+ 55.Kd4 Nc6+ 56.Kc5 Ne5 57.Be2 Nd7+
58.Kd5 Ne5 59.Kd6 Nf7+ 60.Kd7 Ne5+ 61.Ke8 Nc6 62.Kf8 Nd4 63.Bd1 Nc6 64.Kg8 Nd4
65.Kh8 Kf7 66.Kh7 Kf6 67.Kg8 Nc6 68.Bc2 Ne5 69.Be4 g4 70.fxg4 Nxg4 71.h4 Ne5
72.Kh7 Kf7 73.Bc2 Kf6 74.Bd1 Nf7 75.g4 g5 76.h5 Ne5 77.Kg8 Nf7 78.Kf8 Nh6
79.Be2 Nf7 80.Ba6 Nh6 81.Bc8 Nf7 82.Kg8 Nh6+ 83.Kh7 Nf7 84.h6 Nd6 85.Bd7 Ne4
86.Bf5 Nd6 87.Kg8  1-0

[Event "German Team Cup 2012"]
[Site "Norderstedt GER"]
[Date "2012.05.12"]
[Round "1.3"]
[White "Wendt,J"]
[Black "Doettling,F"]
[Result "0-1"]
[WhiteElo "2370"]
[BlackElo "2582"]

1.Nf3 d5 2.c4 e6 3.d4 Nf6 4.Nc3 Be7 5.Bg5 h6 6.Bxf6 Bxf6 7.e3 O-O 8.Rc1 c6
9.Bd3 Nd7 10.O-O dxc4 11.Bxc4 c5 12.Ne4 cxd4 13.Nxd4 Nb6 14.Nxf6+ Qxf6 15.Bb3 Bd7
16.Qh5 Rfc8 17.Qa5 Qd8 18.h3 Rc7 19.Nb5 Rxc1 20.Rxc1 Qg5 21.a4 Bc6 22.g4 Qe5
23.Qb4 Qxb2 24.Qc3 Qxc3 25.Nxc3 a5 26.Rb1 Nd7 27.Bc4 Ne5 28.Be2 Nf3+ 29.Bxf3 Bxf3
30.Kh2 Rc8 31.Kg3 Bxg4 32.Nd5 exd5 33.hxg4 Rc4 34.Rxb7 d4 35.Rb8+ Kh7 36.Rb5 dxe3
37.Rxa5 exf2 38.Rf5 Kg6 39.a5 h5 40.Kxf2 Rxg4 41.Rb5 Ra4 42.Kg3 f6 43.Kg2 Ra3
44.Kf2 h4 45.Kg2 Kh6 46.Kh2 g5 47.Rb6 Kg6 48.a6  0-1

[Event "71st ch-GEO 2012"]
[Site "Tbilisi GEO"]
[Date "2012.05.13"]
[Round "1"]
[White "Gagunashvili,M"]
[Black "Beradze,I"]
[Result "0-1"]
[WhiteElo "2570"]
[BlackElo "2298"]

1.Nf3 d5 2.c4 e6 3.e3 c6 4.b3 Nf6 5.Bb2 Nbd7 6.Qc2 Bd6 7.g4 O-O 8.Rg1 Ne4
9.Be2 b5 10.Nc3 Ng5 11.Nxg5 Qxg5 12.h4 Qe7 13.Bd3 bxc4 14.Bxh7+ Kh8 15.h5 Ne5
16.Rh1 f5 17.h6 g5 18.Bg6 d4 19.Ne2 c3 20.Nxc3 Nxg6 21.Ne2 Kh7 22.Nxd4 c5
23.Nc6 Qc7 24.gxf5 exf5 25.Qc3 Rf7 26.Rh5 Bb7 27.Rxg5 Qxc6 28.Rxg6 Qh1+ 29.Ke2 Qh5+  0-1

[Event "Serbia Cup Final 2012"]
[Site "Kragujevac SRB"]
[Date "2012.05.14"]
[Round "1"]
[White "Zivkovic,Vladisa1"]
[Black "Dedijer,Z"]
[Result "1-0"]
[WhiteElo "2185"]
[BlackElo "1998"]

1.Nf3 d5 2.c4 e6 3.g3 Nf6 4.Bg2 c5 5.cxd5 exd5 6.d4 Nc6 7.O-O Bf5 8.Nc3 h6
9.Bf4 a6 10.Rc1 c4 11.Ne5 g5 12.Nxc6 bxc6 13.Be5 Rg8 14.Bxf6 Qxf6 15.e4 dxe4
16.Nxe4 Qg6 17.Qa4 Be7 18.Nf6+ Qxf6 19.Qxc6+ Kf8 20.Qxa8+ Kg7 21.Qf3 Bd3
22.Rfe1 Qxd4 23.b3 Qb2 24.Bf1 Bc2 25.Bxc4 Rf8 26.Qe2  1-0

[Event "ch-CZE 2012"]
[Site "Kouty nad Desnou CZE"]
[Date "2012.05.17"]
[Round "6"]
[White "Machan,J"]
[Black "Biolek,R1"]
[Result "0-1"]
[WhiteElo "2017"]
[BlackElo "2412"]

1.Nf3 d5 2.c4 Nf6 3.cxd5 g6 4.d4 Bg7 5.Qa4+ Kf8 6.Nc3 Nxd5 7.e4 Nb6 8.Qd1 Bg4
9.Be3 Nc6 10.d5 Ne5 11.Be2 Nbc4 12.Bxc4 Nxc4 13.Bd4 Ne5 14.Bxe5 Bxe5 15.h3 Bxf3
16.Qxf3 Qd6 17.O-O Kg7 18.Ne2 Rhf8 19.Qb3 Qb6 20.Rac1 Bxb2 21.Rc2 Be5 22.Kh1 Qxb3
23.axb3 Bd6 24.f4 e5 25.dxe6 fxe6 26.Nd4 Rae8 27.Nb5 Bxf4 28.Nxc7 Re7 29.Nb5 a6
30.Nd4 Be5 31.Nf3 Rd7 32.Kg1 Bg3 33.Rd2 Rxd2 34.Nxd2 Rd8 35.Nc4 Rd3 36.Rf3 Rd1+
37.Rf1 Rd4 38.Rf3 Bc7 39.Rf1 b5 40.Nb2 Bb6 41.Kh2 a5 42.Rd1  0-1

[Event "30th Liechtenstein Open 2012"]
[Site "Triesen LIE"]
[Date "2012.05.18"]
[Round "8.12"]
[White "Matt,F"]
[Black "Borsos,B"]
[Result "1/2-1/2"]
[WhiteElo "2213"]
[BlackElo "2271"]

1.Nf3 d5 2.c4 c6 3.e3 Nf6 4.b3 g6 5.Bb2 Bg7 6.Be2 O-O 7.O-O Nbd7 8.d4 Ne4
9.Nc3 Ndf6 10.Ne5 Nxc3 11.Bxc3 Bf5 12.f3 h5 13.Re1 Nd7 14.Nd3 c5 15.cxd5 cxd4
16.Bxd4 Bxd4 17.exd4 Nf6 18.Ne5 Nxd5 19.Bc4 Kg7 20.Qd2 Qd6 21.Rad1 Rad8 22.Kh1 Qb4
23.Qf2 Nc3 24.Rd2 Rd6 25.h3 b5 26.g4 hxg4 27.hxg4 Bc8 28.a3 Qxa3 29.Bxf7 Rxf7
30.Nxf7 Kxf7 31.Qh4 Rf6 32.g5  1/2-1/2

[Event "30th Liechtenstein Open 2012"]
[Site "Triesen LIE"]
[Date "2012.05.18"]
[Round "8.13"]
[White "Guenthner,O"]
[Black "Peredy,F"]
[Result "1/2-1/2"]
[WhiteElo "2261"]
[BlackElo "2156"]

1.Nf3 d5 2.c4 c6 3.b3 Nf6 4.Bb2 Bf5 5.d3 e6 6.g3 Be7 7.Bg2 Nbd7 8.O-O O-O
9.Nbd2 h6 10.Rc1 Bh7 11.a3 a5 12.Rc2 Qb6 13.Qa1 Rfd8 14.Ne5 Nxe5 15.Bxe5 Rd7
16.cxd5 exd5 17.Bh3 Rdd8 18.Qb2 Ne8 19.Nf3 Bf6 20.b4 axb4 21.axb4 Bxe5 22.Nxe5 Nd6
23.Nf3 Nb5 24.Ra1 Re8 25.Rcc1 Qc7 26.Rxa8 Rxa8 27.Ra1 Re8 28.Kf1 Bg6 29.Ra2  1/2-1/2

[Event "30th Liechtenstein Open 2012"]
[Site "Triesen LIE"]
[Date "2012.05.18"]
[Round "8.1"]
[White "Bogner,S"]
[Black "Froewis,G"]
[Result "1-0"]
[WhiteElo "2569"]
[BlackElo "2363"]

1.Nf3 d5 2.c4 e6 3.g3 Nf6 4.Bg2 dxc4 5.Qa4+ Nbd7 6.Qxc4 a6 7.Qc2 c5 8.O-O b5
9.a4 Bb7 10.Nc3 Qb6 11.d3 Be7 12.e4 O-O 13.Bf4 Rac8 14.Rfe1 c4 15.axb5 cxd3
16.Qxd3 Nc5 17.Qe2 axb5 18.Be3 Nfxe4 19.Nxe4 Bxe4 20.b4 Bd5 21.bxc5 Bxc5
22.Bxc5 Rxc5 23.Ne5 Bc4 24.Qe3 Qc7 25.Nd7  1-0

[Event "TCh-HUN 2011-12"]
[Site "Budapest HUN"]
[Date "2012.05.20"]
[Round "11"]
[White "Emodi,B"]
[Black "Kis,B1"]
[Result "1/2-1/2"]
[WhiteElo "2359"]
[BlackElo "2063"]

1.Nf3 d5 2.c4 dxc4 3.Na3 f6 4.Nxc4 e5 5.d3 Be6 6.e3 Bxc4 7.dxc4 Qxd1+ 8.Kxd1 Nc6
9.a3 O-O-O+ 10.Kc2 a5 11.b3 Bc5 12.Bb2 Nh6 13.Nd2 Rd7 14.Be2 Rhd8 15.Rad1 f5
16.Rhg1 Nf7 17.g4 g6 18.gxf5 gxf5 19.Rg7 h6 20.Nf3 f4 21.exf4 exf4 22.Bf6 Rf8
23.Bd3  1/2-1/2

[Event "Salento Open 2012"]
[Site "Gallipoli ITA"]
[Date "2012.05.20"]
[Round "2"]
[White "Mogranzini,R"]
[Black "Khenkin,I"]
[Result "1/2-1/2"]
[WhiteElo "2461"]
[BlackElo "2670"]

1.Nf3 d5 2.c4 d4 3.g3 g6 4.Bg2 Bg7 5.d3 e5 6.O-O Ne7 7.b4 O-O 8.a4 a5 9.b5 c5
10.Ra2 Ra7 11.e3 dxe3 12.fxe3 b6 13.Nc3 Rd7 14.Ne1 Bb7 15.e4 Nc8  1/2-1/2

[Event "Salento Open 2012"]
[Site "Gallipoli ITA"]
[Date "2012.05.20"]
[Round "3"]
[White "Collutiis,D"]
[Black "Bentivegna,F"]
[Result "0-1"]
[WhiteElo "2513"]
[BlackElo "2276"]

1.Nf3 d5 2.c4 e6 3.g3 Nf6 4.Bg2 c5 5.O-O d4 6.b4 cxb4 7.d3 Nc6 8.a3 bxa3
9.Nbd2 Be7 10.Bxa3 O-O 11.Qa4 Rb8 12.Rfb1 e5 13.Ng5 Bd7 14.Bxe7 Qxe7 15.Qa3 Qxa3
16.Rxa3 h6 17.Nge4 Nxe4 18.Bxe4 f5 19.Bd5+ Kh7 20.Nb3 b5 21.Nc5 bxc4 22.Rc1 Be8
23.Bxc4 Rb2 24.Kf1 Bh5 25.f3 Rfb8 26.Be6 Bg6 27.Nd7 Rb1 28.Nf8+ Rxf8 29.Rxb1 e4
30.f4 a5 31.Rb6 Nb4 32.Rxa5 Nc2 33.Rb7 Re8 34.Bb3 Ne3+ 35.Ke1 exd3 36.Raa7 Ng2+
37.Kd2 dxe2 38.Rxg7+ Kh8 39.Rae7 e1=Q+ 40.Rxe1 Kxg7  0-1

[Event "Orlova Open 2012"]
[Site "Orlova CZE"]
[Date "2012.05.22"]
[Round "2.10"]
[White "Helis,T"]
[Black "Zielinski,Andrzej1"]
[Result "1-0"]
[WhiteElo "2245"]
[BlackElo "1901"]

1.Nf3 d5 2.c4 e6 3.g3 c6 4.Bg2 Be7 5.O-O Nd7 6.d4 h5 7.Nc3 h4 8.e4 hxg3 9.hxg3 Nb6
10.cxd5 exd5 11.exd5 cxd5 12.Re1 Be6 13.Ne5 Qc8 14.a4 Nf6 15.a5 Nbd7 16.Ng6 Rh7
17.Bg5 Bb4 18.Nf4 Bxc3 19.bxc3 Ne4 20.Bxe4 dxe4 21.Rxe4 Kf8 22.Nxe6+ fxe6
23.Qf3+ Kg8 24.Rxe6 Nc5 25.Re7 Nb3 26.Qf7+ Kh8 27.Rae1  1-0

[Event "Orlova Open 2012"]
[Site "Orlova CZE"]
[Date "2012.05.23"]
[Round "3.8"]
[White "Orzechowski,J"]
[Black "Luczyk,P"]
[Result "1-0"]
[WhiteElo "2234"]
[BlackElo "1854"]

1.Nf3 d5 2.c4 e6 3.g3 b6 4.Bg2 Nf6 5.O-O Be7 6.d4 O-O 7.Ne5 Bb7 8.Nc3 c5
9.dxc5 bxc5 10.cxd5 Nxd5 11.Qb3 Qb6 12.Bxd5 exd5 13.Nxd5 Bxd5 14.Qxd5 Na6
15.Nd7 Qd6 16.Qxd6 Bxd6 17.Nxf8 Kxf8 18.Bf4 Nb8  1-0

[Event "31st OCF NAO FIDE Open"]
[Site "Stillwater USA"]
[Date "2012.05.27"]
[Round "4.3"]
[White "Crockett,J"]
[Black "Anzis,M"]
[Result "0-1"]
[WhiteElo "2035"]
[BlackElo "2077"]

1.Nf3 d5 2.c4 c6 3.e3 Nf6 4.Nc3 e6 5.b3 Nbd7 6.Bb2 Bd6 7.Qc2 a6 8.Be2 e5
9.cxd5 cxd5 10.g4 h6 11.O-O-O b5 12.h3 Nb6 13.Kb1 b4 14.Nxd5 Nbxd5 15.Nxe5 Bb7
16.Rhg1 Bxe5 17.Bxe5 Rc8 18.Qb2 Qe7 19.f4 Ne4 20.Rc1 O-O 21.Bxg7 Nec3+ 22.dxc3 Kxg7
23.c4+ Nc3+ 24.Rxc3 bxc3 25.Qxc3+ Qf6 26.Qc2 Rg8 27.g5 hxg5 28.fxg5 Qe5 29.g6 f5
30.Bd3 Be4 31.h4 Rcd8 32.Bxe4 Qxe4 33.Kb2 Qxc2+ 34.Kxc2  0-1

[Event "6th ENCI Limburg Open 2012"]
[Site "Limburg NED"]
[Date "2012.05.28"]
[Round "7.1"]
[White "Henrichs,T"]
[Black "Sokolov,Ivan"]
[Result "1/2-1/2"]
[WhiteElo "2483"]
[BlackElo "2680"]

1.Nf3 d5 2.c4 d4 3.b4 f6 4.e3 e5 5.c5 Nh6 6.Bc4 Nc6 7.Qa4 Bg4 8.Bb2 a5 9.b5 Nb4
10.a3 Nd5 11.exd4 Nf4 12.Nh4 g5 13.h3 Be6 14.Bxe6 Nd3+ 15.Ke2 Nxb2 16.Qc2 gxh4
17.d5 Nf7 18.c6 Bd6  1/2-1/2

[Event "31st OCF NAO FIDE Open"]
[Site "Stillwater USA"]
[Date "2012.05.28"]
[Round "7.4"]
[White "Crockett,J"]
[Black "Mc Entee,T"]
[Result "1/2-1/2"]
[WhiteElo "2035"]
[BlackElo "2166"]

1.Nf3 d5 2.c4 c6 3.e3 e6 4.Nc3 Nf6 5.b3 Nbd7 6.Qc2 Bd6 7.Bb2 O-O 8.Be2 Re8
9.Rg1 Nf8 10.g4 dxc4 11.bxc4 Qa5 12.g5 N6d7 13.Ne4 Ba3 14.Bc3 Qf5 15.Nh4 Qh3
16.Nf3 e5 17.Rg3 Qe6 18.h4 Kh8 19.Qb3 Qe7 20.Rb1 Bc5 21.a4  1/2-1/2

[Event "ch-ISL Playoff 2012"]
[Site "Kopavogur ISL"]
[Date "2012.05.30"]
[Round "7"]
[White "Thorfinnsson,Br"]
[Black "Thorhallsson,T"]
[Result "0-1"]
[WhiteElo "2449"]
[BlackElo "2425"]

1.Nf3 d5 2.c4 e6 3.e3 Nf6 4.Nc3 dxc4 5.Bxc4 c5 6.O-O a6 7.a4 Nc6 8.Qe2 Be7
9.Rd1 O-O 10.d3 Qc7 11.h3 b6 12.e4 Bb7 13.e5 Nd7 14.Bf4 Rfd8 15.Bg3 Nf8 16.Ne4 Qd7
17.Nd6 Na5 18.Ba2 Bxd6 19.exd6 Bxf3 20.Qxf3 Nc6 21.a5 Nd4 22.Qe4 Nf5 23.axb6 Nxg3
24.fxg3 Qxd6 25.b7 Rab8 26.Bc4 Qxg3 27.Rxa6 Rd7 28.Rda1 Rdxb7 29.b3 Ng6 30.Ra8 Qc7
31.R1a5 Nf8 32.R5a6 Rxa8 33.Rxa8 Rb8 34.Ra6 Nd7 35.Rc6 Qd8 36.Qf4 Nf6 37.Rxc5 Ra8
38.Kh2 h6 39.b4 Ra1 40.Rb5 Ra8 41.Rb7 h5 42.b5 Ng4+ 43.Kg3 Nh6 44.b6 Nf5+
45.Kh2 Nd6 46.Rc7 Rb8 47.Qd4 e5 48.Qc5 Qf6 49.Qe3 Nxc4 50.dxc4 Rxb6 51.Qe4 g6
52.c5 Rb2 53.Rc8+ Kg7 54.Re8 Qf4+ 55.Qxf4 exf4 56.Re4 f3 57.Rc4 f2 58.Rf4 g5
59.Rf3 Kg6 60.c6 Rc2 61.c7 Rxc7 62.Rxf2 f5 63.Rb2 Rc6 64.Kg3 f4+ 65.Kf3 Rc3+
66.Kf2 Rc5 67.Kf3 Kf5 68.Kf2 g4 69.hxg4+ hxg4 70.Rb8 Rc2+ 71.Kf1 Rc5 72.Rg8 Re5
73.Rg7 g3 74.Ra7 Rd5 75.Rf7+ Ke4 76.Re7+ Kd3 77.Rf7 Rd4 78.Ra7 Ke3 79.Re7+ Kd2
80.Re8 Kd1 81.Re7 Rd2 82.Re4 Rf2+ 83.Kg1 Kd2 84.Ra4 Kc3 85.Ra3+ Kb4 86.Ra1 Re2
87.Kf1 Rf2+ 88.Kg1 Kb3 89.Rc1 Rc2 90.Rf1 Rc4 91.Rf3+ Kc2 92.Ra3 Kb2 93.Rf3 Rc1+
94.Rf1 Kc2 95.Rxc1+ Kxc1 96.Kf1 Kd1 97.Kg1 Ke1 98.Kh1 f3 99.gxf3 Kf2  0-1

[Event "Women's World Rapid Championship 2012"]
[Site "Batumi GEO"]
[Date "2012.05.31"]
[Round "2.20"]
[White "Batsiashvili,N"]
[Black "Mammadova,G"]
[Result "0-1"]
[WhiteElo "2436"]
[BlackElo "2345"]

1.Nf3 d5 2.c4 e6 3.g3 Nf6 4.Bg2 c6 5.d4 Bd6 6.Nc3 Nbd7 7.O-O dxc4 8.Bg5 O-O
9.Nd2 Nb6 10.a4 a5 11.e3 h6 12.Bxf6 Qxf6 13.f4 Bb4 14.Qe2 c5 15.Nxc4 Nxc4
16.Qxc4 cxd4 17.exd4 Rb8 18.Ne4 Qe7 19.Nc5 Rd8 20.Rad1 Rxd4 21.Rxd4 Bxc5
22.Kh1 Bxd4 23.Qxd4 b6 24.Qe5 Qa7 25.Rc1 Bb7 26.Rc7 Bxg2+ 27.Kxg2 Qa8+ 28.Kh3 Rd8
29.Qe3 Qd5 30.Rc2 Qf5+  0-1

[Event "Women's World Rapid Championship 2012"]
[Site "Batumi GEO"]
[Date "2012.05.31"]
[Round "3.7"]
[White "Mkrtchian,L"]
[Black "Gunina,V"]
[Result "1/2-1/2"]
[WhiteElo "2449"]
[BlackElo "2530"]

1.Nf3 d5 2.c4 c6 3.e3 Nf6 4.Nc3 a6 5.d4 e6 6.b3 Nbd7 7.Bb2 Bd6 8.Bd3 O-O
9.O-O Qe7 10.c5 Bc7 11.e4 e5 12.Re1 dxe4 13.Nxe4 Nxe4 14.Bxe4 f5 15.Bd3 e4
16.Bc4+ Kh8 17.Qc1 Nf6 18.Ne5 Be6 19.Qg5 Rad8 20.Re3 f4 21.Rxe4 Rfe8 22.Ng6+ hxg6
23.Rxe6 Qxe6 24.Bxe6 Rxe6 25.Qxg6 Rde8 26.Rf1 Nd5 27.Qh5+ Kg8 28.a3 Re2 29.Bc1 R8e6
30.h3 R2e4 31.Qf5 Nc3 32.Bb2 Nd5 33.Bc1 Nc3 34.Bb2 Nd5 35.Bc1 Nc3 36.Bd2  1/2-1/2

[Event "TCh-FRA Top 12 2012"]
[Site "Belfort FRA"]
[Date "2012.05.31"]
[Round "1.3"]
[White "Le Roux,JP"]
[Black "Cornette,M"]
[Result "1/2-1/2"]
[WhiteElo "2551"]
[BlackElo "2552"]

1.Nf3 d5 2.c4 e6 3.d4 Nf6 4.Nc3 Bb4 5.Bg5 h6 6.Bxf6 Qxf6 7.e3 O-O 8.Rc1 dxc4
9.Bxc4 c5 10.O-O cxd4 11.Nxd4 Bd7 12.Ne4 Qe7 13.a3 Ba5 14.Qh5 Bb6 15.Nb5 Bc6
16.Nbc3 Nd7 17.Bb5 Bxe4 18.Nxe4 Rfd8 19.Rfd1 Nf6 20.Qh4 Rxd1+ 21.Rxd1 Rd8  1/2-1/2

[Event "Mitropa Cup 2012"]
[Site "Sibenik CRO"]
[Date "2012.06.01"]
[Round "2"]
[White "Rapport,R"]
[Black "Godena,M"]
[Result "1/2-1/2"]
[WhiteElo "2577"]
[BlackElo "2521"]

1.Nf3 d5 2.c4 c6 3.e3 Nf6 4.Nc3 a6 5.d4 e6 6.c5 Nbd7 7.b4 Qc7 8.Bb2 Be7 9.Be2 O-O
10.Qc2 b6 11.O-O a5 12.a3 Ba6 13.Rfc1 Qb7 14.Rab1 axb4 15.axb4 Bxe2 16.Nxe2 Ra2
17.Ra1 Rfa8 18.Nc3 Rxa1 19.Rxa1 Rxa1+ 20.Bxa1 bxc5 21.bxc5 Bd8 22.Na2 Ne4
23.Ne1 Ba5 24.Nd3 Qb5 25.Bb2 Nd2 26.Bc3 Nc4 27.Bxa5 Qxa5 28.h3 e5 29.Ndb4 exd4
30.exd4 Nf8 31.Qe2 Qa8 32.g3  1/2-1/2

[Event "Women's World Rapid Championship 2012"]
[Site "Batumi GEO"]
[Date "2012.06.02"]
[Round "7.21"]
[White "Purtseladze,M"]
[Black "Mikadze,M"]
[Result "1/2-1/2"]
[WhiteElo "2348"]
[BlackElo "2323"]

1.Nf3 d5 2.c4 c6 3.d4 Nf6 4.e3 Bf5 5.Nc3 e6 6.Nh4 Bg4 7.Qb3 Qc7 8.h3 Bh5
9.g4 Bg6 10.Nxg6 hxg6 11.Bg2 Nbd7 12.cxd5 exd5 13.g5 Nh5 14.Qd1 Nb6 15.Qg4 Qd7
16.b3 O-O-O 17.Bd2 Ba3 18.Na4 Nxa4 19.bxa4 f5 20.gxf6 gxf6 21.Bf3 f5 22.Qg2 Qe6  1/2-1/2

[Event "Women's World Rapid Championship 2012"]
[Site "Batumi GEO"]
[Date "2012.06.02"]
[Round "8.16"]
[White "Khotenashvili,B"]
[Black "Ushenina,A"]
[Result "0-1"]
[WhiteElo "2500"]
[BlackElo "2454"]

1.Nf3 d5 2.c4 c6 3.g3 Nf6 4.Bg2 Bf5 5.cxd5 cxd5 6.Qb3 Bc8 7.Ne5 e6 8.d4 Nc6
9.Nxc6 bxc6 10.Nc3 Qb6 11.Qd1 Be7 12.O-O O-O 13.Na4 Qb5 14.Be3 Ba6 15.Bf3 Nd7
16.Rc1 Rac8 17.Qc2 Qb7 18.b3 Bb5 19.Nc5 Nxc5 20.dxc5 Bf6 21.a4 Ba6 22.Bd2 Rb8
23.b4 Bc4 24.Rb1 a6 25.Rfc1 Qa7 26.e4 a5 27.exd5 exd5 28.Qf5 Qa6 29.b5 cxb5
30.Bf4 g6 31.Qh3 Rb7 32.Bd6 Rd8 33.axb5 Rxb5 34.Qg2 Rxb1 35.Rxb1 a4 36.Bxd5 a3
37.Rb7 a2  0-1

[Event "Women's World Rapid Championship 2012"]
[Site "Batumi GEO"]
[Date "2012.06.02"]
[Round "9.9"]
[White "Javakhishvili,L"]
[Black "Gvetadze,Sopi"]
[Result "1-0"]
[WhiteElo "2449"]
[BlackElo "2338"]

1.Nf3 d5 2.c4 c6 3.e3 Nf6 4.Nc3 a6 5.Qc2 e6 6.b3 Bd6 7.d4 Nbd7 8.Be2 O-O
9.Bb2 Qe7 10.O-O dxc4 11.bxc4 e5 12.Rfe1 Re8 13.h3 e4 14.Nd2 Nf8 15.f4 Ng6
16.Bf1 h5 17.c5 Bc7 18.Nc4 Bf5 19.Ba3 Reb8 20.Rab1 Qd7 21.Ne5 Qe7 22.Bc4 Bxe5
23.fxe5 Nh7 24.Rf1 Nh4 25.Nxe4 Ng5 26.Bd3 Be6 27.Nd6 Nxh3+ 28.gxh3 Qg5+ 29.Kh2 Qxe3
30.Bh7+ Kh8 31.Qd3 Qg5 32.Qg3 Qd2+ 33.Rf2 Qxd4 34.Rb4 Qd1 35.Rxh4 Kxh7 36.Nxf7 Bd5
37.Ng5+ Kg8 38.Nf3 Rf8 39.Rd4 Qb1 40.Rg2 Rf7 41.e6 Bxe6 42.Rf4 Raf8 43.Ne5 h4
44.Qg5 Bd5 45.Nxf7 Bxg2 46.Nh6+ Kh7 47.Kxg2 gxh6 48.Qe7+ Kg6 49.Rg4+ Kf5
50.Qh7+  1-0

[Event "11th TCh-BIH Premier"]
[Site "Jahorina BIH"]
[Date "2012.06.02"]
[Round "1.1"]
[White "Goric,E"]
[Black "Stojanovic,Do"]
[Result "1/2-1/2"]
[WhiteElo "2346"]
[BlackElo "2350"]

1.Nf3 d5 2.c4 c6 3.Qc2 Nf6 4.g3 g6 5.Bg2 Bg7 6.O-O O-O 7.d3 dxc4 8.Qxc4 Qd5
9.Qh4 Qh5 10.Qxh5 Nxh5 11.Nc3 Na6 12.Bd2 Rd8 13.Rab1 Nc7 14.Rfc1 Nf6 15.Na4 Nfd5
16.h3 h6 17.Be1 Ne6 18.Nc3 Ndc7 19.Ne4 f5 20.Ned2 Nb5 21.Bf1 Ned4 22.Nxd4 Nxd4
23.e3 Nb5 24.a4 Nd6 25.b4 Be6 26.Nb3 Bd5 27.Bc3 e5 28.Be2 Rac8 29.Nd2 a6
30.Nb3 h5 31.Nd2 e4 32.Bxg7 Kxg7 33.dxe4 Nxe4 34.Nxe4 Bxe4 35.Rb2 Rd6 36.f3 Bd5
37.Rd2 Re8 38.Kf2 Rde6 39.Rc3 Kf6 40.h4 R6e7 41.Rd4 Re5 42.Bd1 R8e7 43.Bc2 Re8
44.Rf4 Kg7 45.g4 hxg4 46.fxg4 fxg4 47.Rxg4 Be4 48.Bd1 Rd8 49.Bf3 Rf8 50.Rf4 Rff5
51.Rc4 Bxf3 52.Kxf3 a5 53.e4 Rxf4+ 54.Kxf4 Rh5 55.Kg4 Kf6 56.bxa5 Rxa5 57.Rb4 b5
58.axb5 cxb5 59.Kf4 Ke6 60.Rb1 Kf6 61.Rb4 Ke6 62.Kg5 Kf7 63.e5 Ke6 64.Kxg6 Ra4  1/2-1/2

[Event "Mitropa Cup 2012"]
[Site "Sibenik CRO"]
[Date "2012.06.02"]
[Round "3"]
[White "Froewis,G"]
[Black "Lombard,A"]
[Result "0-1"]
[WhiteElo "2363"]
[BlackElo "2353"]

1.Nf3 d5 2.c4 c6 3.e3 Nf6 4.Nc3 e6 5.b3 Bd6 6.Bb2 Nbd7 7.Qc2 Qe7 8.Be2 Ba3
9.Bxa3 Qxa3 10.d4 Qe7 11.O-O O-O 12.Bd3 e5 13.cxd5 cxd5 14.dxe5 Nxe5 15.Nd4 Bd7
16.Qd2 Rac8 17.Rac1 Rfd8 18.Nce2 Ne4 19.Bxe4 dxe4 20.Rxc8 Rxc8 21.Rc1 g6
22.Rxc8+ Bxc8 23.Qc3 Qd8 24.h3 b6 25.Ng3 Bb7 26.Qc2 Nd3 27.Kh2 a5 28.f4 Nxf4
29.Nxe4 Nd5 30.Qf2 Qe7 31.Qf3 f5 32.Ng3 Nxe3 33.Qf4 Bxg2 34.Qb8+ Qf8 35.Qe5 f4
36.Nge2 Bb7 37.Nxf4 Nf5 38.Nfe6 Qd6 39.Qxd6 Nxd6 40.Kg3 Bc8 41.Nf4 Ne4+ 42.Kf3 Nc3
43.a4 g5 44.Nfe6 h6 45.h4 gxh4 46.Nf4 Kf7 47.Nd3 Ke7 48.b4 axb4 49.Nxb4 Nxa4
50.Nd5+ Kd6 51.Nxb6 Nxb6 52.Kg2 Bg4  0-1

[Event "Albena Masters Open 2012"]
[Site "Albena BUL"]
[Date "2012.06.03"]
[Round "9.13"]
[White "Arnaudov,G"]
[Black "Ovod,E"]
[Result "1-0"]
[WhiteElo "2477"]
[BlackElo "2410"]

1.Nf3 d5 2.c4 c6 3.g3 dxc4 4.Bg2 Nf6 5.O-O Nbd7 6.Na3 Nb6 7.Qc2 Qd5 8.b3 cxb3
9.axb3 Be6 10.d3 Qxb3 11.Qd2 Qd5 12.Bb2 Qd8 13.Bc3 Nfd5 14.Bd4 f6 15.Qb2 Bc8
16.Nc4 Bd7 17.e4 Nxc4 18.dxc4 Nb6 19.c5 e5 20.cxb6 exd4 21.Rxa7 c5 22.Rxb7 Rb8
23.Rxb8 Qxb8 24.Ra1 Bd6 25.e5 fxe5 26.Ng5 Ke7 27.Qb3 Qf8 28.Ra7 Qf6 29.Bh3 Rd8
30.Qb5 Qxg5 31.Rxd7+ Kf8 32.Rxd6 Rxd6 33.b7 Qc1+ 34.Kg2 Rd8 35.b8=Q Rxb8
36.Qxb8+ Kf7 37.Qc7+ Kg6 38.Qd6+ Kh5 39.Qxe5+  1-0

[Event "Women's World Rapid Championship 2012"]
[Site "Batumi GEO"]
[Date "2012.06.03"]
[Round "11.2"]
[White "Lahno,Kateri"]
[Black "Muzychuk,A"]
[Result "1/2-1/2"]
[WhiteElo "2546"]
[BlackElo "2598"]

1.Nf3 d5 2.c4 c6 3.d4 Nf6 4.Qb3 e6 5.g3 Nbd7 6.Bg2 Be7 7.O-O O-O 8.Nc3 b6
9.Bf4 Ba6 10.cxd5 cxd5 11.Nb5 Bxb5 12.Qxb5 a6 13.Qd3 b5 14.Rfc1 Qb6 15.Rc2 Rfc8
16.Rac1 Rc4 17.b3  1/2-1/2